Just 3 Words: TV Shows Quiz Stats

 Plays Quiz Updated Mar 9, 2016

Challenge
Share
Tweet
Embed
Score 0/30 Timer 05:00
1 Play Today
3 Words Show % Correct
Springfield. Duff. Donut.The Simpsons
92%
Pineapple. Snail. Krabby.SpongeBob SquarePants
91.5%
Apocalypse. Zombie. Crossbow.The Walking Dead
90.4%
Manhattan. Roommates. Coffeehouse.Friends
90.3%
Chemist. Meth. Blue. Breaking Bad
87%
Women. Prison. Backstory.Orange is the New Black
85.4%
Detective. London. Genius.Sherlock
85.1%
Physicist. Nerd. Neighbor.The Big Bang Theory
84.1%
Army. Hospital. Korea.M*A*S*H
79.6%
Crash. Island. Others.Lost
79.4%
Westeros. Dragon. Wall.Game of Thrones
76.8%
FBI. Aliens. Paranormal.The X-Files
72.8%
Advertising. 1960s. Smoking.Mad Men
71.5%
Quahog. Cutaways. Satire.Family Guy
71%
Football. Texas. Coach.Friday Night Lights
68.7%
3 Words Show % Correct
Doctor. Janitor. Bromance.Scrubs
68.3%
Comedian. Soup. Nothing.Seinfeld
66.8%
Sketches. Hosts. Update.Saturday Night Live
64.8%
Singing. Reality. Coach. The Voice
61.8%
Teenage. Doctor. Prodigy.Doogie Howser, M.D.
58.5%
2999. Robot. Delivery.Futurama
54.3%
Estate. Aristocracy. Countess.Downton Abbey
48.8%
Anthology. Haunted. Nun.American Horror Story
48.3%
Philadelphia. California. Uncle. Fresh Prince of Bel-Air
47.7%
Macabre. Butler. Hand.The Addams Family
46.8%
Architect. Manhattan. Flashback.How I Met Your Mother
45.4%
Realtor. Closets. Trampoline.Modern Family
31.5%
Bar. Egotism. Schemes.It's Always Sunny in Philadelphia
31.2%
Lawyer. College. Greendale. Community
31.1%
Housewife. Bandleader. Chocolate.I Love Lucy
30.8%

You're not logged in!

Compare scores with friends on all Sporcle quizzes.
OR
Log In

You Might Also Like...

Show Comments

Extras

Top Quizzes Today


Score Distribution

Your Account Isn't Verified!

In order to create a playlist on Sporcle, you need to verify the email address you used during registration. Go to your Sporcle Settings to finish the process.

Report this User

Report this user for behavior that violates our Community Guidelines.

Details: